书目信息 |
| 题名: |
古玩指南
|
|
| 作者: | 赵汝珍 编述 | |
| 分册: | ||
| 出版信息: | 北京 北京市中国书店 1984 |
|
| 页数: | 页数不连 | |
| 开本: | 21cm | |
| 丛书名: | ||
| 单 册: | ||
| 中图分类: | G899 | |
| 科图分类: | ||
| 主题词: | 文物--基础知识 , 文娱性体育活动 | |
| 电子资源: | ||
| ISBN: | ||
| 000 | 00604nam0 2200241 45 | |
| 001 | 0184002350 | |
| 005 | 20061103102055.23 | |
| 010 | @dCNY3.30 | |
| 100 | @a19950526d1984 em y0chiy0121 ea | |
| 101 | 0 | @achi |
| 102 | @aCN@b110000 | |
| 105 | @ay z 000yy | |
| 200 | 10 | @a古玩指南@Agu wan zhi nan@f赵汝珍编述 |
| 205 | @b影印本 | |
| 210 | @a北京@c北京市中国书店@d1984 | |
| 215 | @a页数不连@d21cm | |
| 606 | @a文物@x基础知识 | |
| 606 | 0 | @a文娱性体育活动 |
| 690 | @aG899@v3 | |
| 701 | 0 | @a赵汝珍@Azhao ru zhen@4编述 |
| 801 | 2 | @aCN@bNLC@c20061103 |
| 801 | 0 | @aCN@bTSSF |
| 905 | @a10447@dG899@e106 | |
| 古玩指南/赵汝珍编述.-影印本.-北京:北京市中国书店,1984 |
| 页数不连;21cm |
| ISBN :CNY3.30 |
| ● |
| 相关链接 |
|
|
|
|
正题名:古玩指南
索取号:G899/106
 
预约/预借
| 序号 | 登录号 | 条形码 | 馆藏地/架位号 | 状态 | 备注 |
| 1 | 0228617 | 000305388 | 第一样本阅览室/ [索取号:G899/106] | 在馆 |